[Event "ESTCC 50 2019"]
[Site "Mali Losinj"]
[Date "2019.09.22"]
[Round "5.20"]
[White "Ledger, Stephen C"]
[Black "Denning, Julie L"]
[Result "1-0"]
[WhiteElo "2000"]
[BlackElo "1629"]
[Annotator "NA"]
[PlyCount "77"]
[EventDate "2019.09.18"]
[EventType "team-tourn"]
[EventCountry "CRO"]
[SourceTitle "playchess.com"]
[Source "ChessBase"]
[SourceQuality "1"]
[WhiteTeam "England"]
[BlackTeam "England"]
[WhiteTeamCountry "ENG"]
[BlackTeamCountry "ENG"]
[TimeControl "40/5400+30:1800+30"]

1. d4 {[%emt 0:00:30]} Nf6 {[%emt 0:00:30]} 2. Bg5 {[%emt 0:00:00]} Ne4 {[%emt 0:02:30]} 3. Bf4 {[%emt 0:00:00]} d6 {[%emt 0:01:30]} 4. e3 {[%emt 0:02:30]} c6 {[%emt 0:06:30]} 5. Bd3 {[%emt 0:01:30]} Qa5+ {[%emt 0:04:30]} 6. c3 {[%emt 0:02:30]} Nf6 {[%emt 0:00:30]} 7. Nd2 {[%emt 0:01:30]} Nbd7 {[%emt 0:01:30]} 8. Ngf3 {[%emt 0:03:30]} h6 {[%emt 0:10:30]} 9. O-O {[%emt 0:05:30]} e6 {[%emt 0:05:30]} 10. h3 {[%emt 0:05:30]} b5 {[%emt 0:04:30]} 11. a4 {[%emt 0:02:30]} Qb6 {[%emt 0:01:30]} 12. axb5 {[%emt 0:02:30]} cxb5 {[%emt 0:01:30]} 13. Qb3 {[%emt 0:01:30]} a6 {[%emt 0:02:30]} 14. Bxb5 {[%emt 0:09:30]} Rb8 {[%emt 0:01:30]} 15. Ba4 {[%emt 0:05:30]} Qc7 {[%emt 0:02:30]} 16. Qc2 {[%emt 0:02:30]} Be7 {[%emt 0:01:30]} 17. e4 {[%emt 0:03:30]} O-O {[%emt 0:01:30]} 18. Bb3 {[%emt 0:03:30]} Bb7 {[%emt 0:08:30]} 19. Rfe1 {[%emt 0:00:30]} Nh5 {[%emt 0:11:30]} 20. Bh2 {[%emt 0:01:30]} Rfd8 {[%emt 0:01:30]} 21. e5 {[%emt 0:03:30]} g6 {[%emt 0:03:30]} 22. Nc4 {[%emt 0:12:30]} Bxf3 {[%emt 0:03:30]} 23. exd6 {[%emt 0:01:30]} Bxd6 {[%emt 0:02:30]} 24. Bxd6 {[%emt 0:03:30]} Qb7 {[%emt 0:00:39]} 25. Na5 {[%emt 0:02:30]} Qa8 {[%emt 0:01:24]} 26. gxf3 {[%emt 0:00:30]} Rxb3 {[%emt 0:03:45]} 27. Nxb3 {[%emt 0:01:30]} Ndf6 {[%emt 0:01:08]} 28. Be5 {[%emt 0:02:30]} Nh7 {[%emt 0:04:45]} 29. Qe4 {[%emt 0:00:30]} Qc8 {[%emt 0:02:33]} 30. h4 {[%emt 0:01:56]} f5 {[%emt 0:02:21]} 31. Qe2 {[%emt 0:01:32]} Qb7 {[%emt 0:01:40]} 32. Nc5 {[%emt 0:00:29]} Qe7 {[%emt 0:00:12]} 33. Bg3 {[%emt 0:01:51]} f4 {[%emt 0:02:27]} 34. Qxe6+ {[%emt 0:00:34]} Qxe6 {[%emt 0:00:13]} 35. Nxe6 {[%emt 0:00:09]} fxg3 {[%emt 0:02:11]} 36. Nxd8 {[%emt 0:00:16]} gxf2+ {[%emt 0:00:15]} 37. Kxf2 {[%emt 0:00:09]} Nf4 {[%emt 0:00:27]} 38. Re8+ {[%emt 0:00:21]} Kg7 {[%emt 0:00:20]} 39. Ne6+ {[%emt 0:00:19]} 1-0

[Event "ESTCC 50 2019"]
[Site "Mali Losinj"]
[Date "2019.09.22"]
[Round "5.21"]
[White "Olsen, Oystein Leif"]
[Black "Burchardt, Brigitte"]
[Result "0-1"]
[WhiteElo "1974"]
[BlackElo "2092"]
[Annotator "NA"]
[PlyCount "86"]
[EventDate "2019.09.18"]
[EventType "team-tourn"]
[EventCountry "CRO"]
[SourceTitle "playchess.com"]
[Source "ChessBase"]
[SourceQuality "1"]
[WhiteTeam "Norway"]
[BlackTeam "Germany"]
[WhiteTeamCountry "NOR"]
[BlackTeamCountry "GER"]
[TimeControl "40/5400+30:1800+30"]

1. Nf3 {[%emt 0:01:30]} d5 {[%emt 0:00:30]} 2. g3 {[%emt 0:00:30]} Nf6 {[%emt 0:01:30]} 3. Bg2 {[%emt 0:00:00]} c6 {[%emt 0:02:30]} 4. O-O {[%emt 0:00:00]} h6 {[%emt 0:01:30]} 5. d3 {[%emt 0:01:30]} Bf5 {[%emt 0:06:30]} 6. Nbd2 {[%emt 0:00:30]} Bh7 {[%emt 0:04:30]} 7. Qe1 {[%emt 0:03:30]} Nbd7 {[%emt 0:03:30]} 8. e4 {[%emt 0:00:30]} dxe4 {[%emt 0:05:30]} 9. dxe4 {[%emt 0:05:30]} e5 {[%emt 0:03:30]} 10. Qe2 {[%emt 0:18:30]} Qc7 {[%emt 0:03:30]} 11. a4 {[%emt 0:01:30]} Be7 {[%emt 0:02:30]} 12. a5 {[%emt 0:02:30]} O-O {[%emt 0:02:30]} 13. Nh4 {[%emt 0:01:30]} Rfe8 {[%emt 0:02:30]} 14. Bh3 {[%emt 0:06:30]} Bb4 {[%emt 0:06:30]} 15. Bf5 {[%emt 0:04:30]} Bxa5 {[%emt 0:07:30]} 16. Nc4 {[%emt 0:02:30]} Bb4 {[%emt 0:00:30]} 17. Bxh7+ {[%emt 0:01:30]} Kxh7 {[%emt 0:00:30]} 18. Nf5 {[%emt 0:00:30]} b5 {[%emt 0:00:30]} 19. Nce3 {[%emt 0:03:30]} Bf8 {[%emt 0:09:30]} 20. Ng4 {[%emt 0:02:30]} Ng8 {[%emt 0:00:30]} 21. f4 {[%emt 0:13:30]} g6 {[%emt 0:01:30]} 22. Nh4 {[%emt 0:05:30]} Bd6 {[%emt 0:12:30]} 23. f5 {[%emt 0:04:27]} Rf8 {[%emt 0:07:23]} 24. Qd2 {[%emt 0:05:50]} Bc5+ {[%emt 0:05:25]} 25. Kh1 {[%emt 0:00:30]} Qd6 {[%emt 0:00:30]} 26. Qg2 {[%emt 0:01:54]} Ndf6 {[%emt 0:02:20]} 27. Nxf6+ {[%emt 0:06:56]} Nxf6 {[%emt 0:00:11]} 28. Bxh6 {[%emt 0:01:08]} Kxh6 {[%emt 0:00:23]} 29. Rad1 {[%emt 0:00:03]} Qe7 {[%emt 0:02:00]} 30. Qd2+ {[%emt 0:00:59]} g5 {[%emt 0:01:33]} 31. Qg2 {[%emt 0:01:01]} Kg7 {[%emt 0:01:24]} 32. Nf3 {[%emt 0:02:30]} Nxe4 {[%emt 0:01:18]} 33. Rde1 {[%emt 0:00:09]} Nf2+ {[%emt 0:00:23]} 34. Rxf2 {[%emt 0:00:23]} Bxf2 {[%emt 0:00:04]} 35. Qxf2 {[%emt 0:00:40]} f6 {[%emt 0:00:11]} 36. h4 {[%emt 0:00:09]} Qd7 {[%emt 0:01:42]} 37. g4 {[%emt 0:00:16]} gxh4 {[%emt 0:00:26]} 38. Nxh4 {[%emt 0:00:28]} Rh8 {[%emt 0:00:29]} 39. Kg2 {[%emt 0:00:50]} Qd5+ {[%emt 0:00:21]} 40. Kg3 {[%emt 0:00:27]} Rhd8 {[%emt 0:01:46]} 41. Ng6 {[%emt 0:31:03]} Qd4 {[%emt 0:31:17]} 42. g5 {[%emt 0:00:00]} Qxf2+ {[%emt 0:00:00]} 43. Kxf2 {[%emt 0:00:00]} Rd2+ {[%emt 0:00:00]} 0-1

[Event "ESTCC 50 2019"]
[Site "Mali Losinj"]
[Date "2019.09.22"]
[Round "5.22"]
[White "Wagner-Michel, Annett"]
[Black "Andersen, Per O"]
[Result "1-0"]
[WhiteElo "2055"]
[BlackElo "1971"]
[Annotator "NA"]
[PlyCount "79"]
[EventDate "2019.09.18"]
[EventType "team-tourn"]
[EventCountry "CRO"]
[SourceTitle "playchess.com"]
[Source "ChessBase"]
[SourceQuality "1"]
[WhiteTeam "Germany"]
[BlackTeam "Norway"]
[WhiteTeamCountry "GER"]
[BlackTeamCountry "NOR"]
[TimeControl "40/5400+30:1800+30"]

1. e4 {[%emt 0:00:30]} c5 {[%emt 0:00:30]} 2. Nf3 {[%emt 0:00:00]} e6 {[%emt 0:00:00]} 3. d4 {[%emt 0:00:00]} cxd4 {[%emt 0:00:00]} 4. Nxd4 {[%emt 0:00:30]} a6 {[%emt 0:00:30]} 5. c4 {[%emt 0:00:30]} g6 {[%emt 0:03:30]} 6. Nc3 {[%emt 0:01:30]} Bg7 {[%emt 0:00:30]} 7. Be3 {[%emt 0:02:30]} Ne7 {[%emt 0:02:30]} 8. Qd2 {[%emt 0:04:30]} d5 {[%emt 0:09:30]} 9. Nf3 {[%emt 0:39:30]} dxe4 {[%emt 0:14:30]} 10. Qxd8+ {[%emt 0:00:30]} Kxd8 {[%emt 0:00:30]} 11. O-O-O+ {[%emt 0:00:30]} Ke8 {[%emt 0:04:30]} 12. Nxe4 {[%emt 0:00:00]} Nbc6 {[%emt 0:05:30]} 13. Nd6+ {[%emt 0:05:00]} Kf8 {[%emt 0:01:30]} 14. Ng5 {[%emt 0:04:30]} h6 {[%emt 0:12:30]} 15. Ngxf7 {[%emt 0:02:30]} Rh7 {[%emt 0:00:30]} 16. Nxc8 {[%emt 0:04:30]} Nxc8 {[%emt 0:07:30]} 17. Nd8 {[%emt 0:06:30]} Nxd8 {[%emt 0:01:30]} 18. Rxd8+ {[%emt 0:00:00]} Ke7 {[%emt 0:00:30]} 19. Rd2 {[%emt 0:00:00]} Be5 {[%emt 0:05:30]} 20. Be2 {[%emt 0:03:30]} Kf6 {[%emt 0:03:30]} 21. Rhd1 {[%emt 0:01:30]} b5 {[%emt 0:03:30]} 22. f4 {[%emt 0:01:30]} Bc7 {[%emt 0:02:30]} 23. Rd7 {[%emt 0:01:30]} Rxd7 {[%emt 0:01:50]} 24. Rxd7 {[%emt 0:00:00]} Bb6 {[%emt 0:01:18]} 25. c5 {[%emt 0:00:00]} Ba5 {[%emt 0:00:57]} 26. g4 {[%emt 0:08:15]} Ne7 {[%emt 0:00:56]} 27. Bd4+ {[%emt 0:00:42]} Kf7 {[%emt 0:00:22]} 28. Be5 {[%emt 0:02:54]} Ke8 {[%emt 0:05:41]} 29. Rb7 {[%emt 0:01:03]} Bb4 {[%emt 0:03:47]} 30. Bd6 {[%emt 0:00:33]} Nc8 {[%emt 0:00:34]} 31. Rh7 {[%emt 0:01:19]} Ra7 {[%emt 0:00:10]} 32. Rh8+ {[%emt 0:01:05]} Kd7 {[%emt 0:00:25]} 33. Rxh6 {[%emt 0:01:21]} Ke8 {[%emt 0:02:47]} 34. Rh8+ {[%emt 0:01:16]} Kd7 {[%emt 0:00:07]} 35. Bd3 {[%emt 0:01:41]} g5 {[%emt 0:01:11]} 36. a3 {[%emt 0:00:46]} Ba5 {[%emt 0:00:23]} 37. Rh7+ {[%emt 0:00:42]} Ke8 {[%emt 0:01:05]} 38. Bg6+ {[%emt 0:00:42]} Kd8 {[%emt 0:00:42]} 39. Rh8+ {[%emt 0:00:15]} Kd7 {[%emt 0:00:24]} 40. Be8+ {[%emt 0:00:06]} 1-0

[Event "ESTCC 50 2019"]
[Site "Mali Losinj"]
[Date "2019.09.22"]
[Round "5.23"]
[White "Ortoft, Kai"]
[Black "Kierzek, Mira"]
[Result "1/2-1/2"]
[WhiteElo "1957"]
[BlackElo "2015"]
[Annotator "NA"]
[PlyCount "58"]
[EventDate "2019.09.18"]
[EventType "team-tourn"]
[EventCountry "CRO"]
[SourceTitle "playchess.com"]
[Source "ChessBase"]
[SourceQuality "1"]
[WhiteTeam "Norway"]
[BlackTeam "Germany"]
[WhiteTeamCountry "NOR"]
[BlackTeamCountry "GER"]
[TimeControl "40/5400+30:1800+30"]

1. d4 {[%emt 0:00:30]} Nf6 {[%emt 0:00:30]} 2. Nf3 {[%emt 0:00:00]} e6 {[%emt 0:00:30]} 3. g3 {[%emt 0:01:00]} d5 {[%emt 0:00:30]} 4. Bg2 {[%emt 0:01:30]} c5 {[%emt 0:02:30]} 5. O-O {[%emt 0:00:30]} Nc6 {[%emt 0:01:30]} 6. b3 {[%emt 0:06:30]} Be7 {[%emt 0:02:30]} 7. Bb2 {[%emt 0:01:30]} O-O {[%emt 0:00:30]} 8. Nbd2 {[%emt 0:00:30]} b6 {[%emt 0:02:30]} 9. dxc5 {[%emt 0:01:30]} Bxc5 {[%emt 0:05:30]} 10. c4 {[%emt 0:00:30]} Bb7 {[%emt 0:01:30]} 11. cxd5 {[%emt 0:06:30]} exd5 {[%emt 0:02:30]} 12. a3 {[%emt 0:01:30]} a5 {[%emt 0:03:30]} 13. Ne1 {[%emt 0:04:30]} Bd4 {[%emt 0:13:30]} 14. Bxd4 {[%emt 0:08:30]} Nxd4 {[%emt 0:00:00]} 15. Nb1 {[%emt 0:00:30]} Nb5 {[%emt 0:04:00]} 16. a4 {[%emt 0:04:30]} Nd6 {[%emt 0:00:30]} 17. Nc3 {[%emt 0:07:30]} Nde4 {[%emt 0:00:30]} 18. Rc1 {[%emt 0:06:30]} Rc8 {[%emt 0:00:30]} 19. Qd4 {[%emt 0:00:30]} Re8 {[%emt 0:07:30]} 20. e3 {[%emt 0:10:30]} h6 {[%emt 0:15:30]} 21. Nf3 {[%emt 0:03:30]} Nxc3 {[%emt 0:09:30]} 22. Rxc3 {[%emt 0:00:30]} Rxc3 {[%emt 0:00:30]} 23. Qxc3 {[%emt 0:00:00]} Ne4 {[%emt 0:00:30]} 24. Qb2 {[%emt 0:02:00]} Qe7 {[%emt 0:02:30]} 25. Rc1 {[%emt 0:05:30]} Nc5 {[%emt 0:03:30]} 26. Rd1 {[%emt 0:00:30]} Ne4 {[%emt 0:03:30]} 27. Rc1 {[%emt 0:06:31]} Nc5 {[%emt 0:02:48]} 28. Rd1 {[%emt 0:02:47]} Ne4 {[%emt 0:02:22]} 29. Rc1 {[%emt 0:05:42]} Nc5 {[%emt 0:01:50]} 1/2-1/2

[Event "ESTCC 50 2019"]
[Site "Mali Losinj"]
[Date "2019.09.22"]
[Round "5.24"]
[White "Leib, Britta"]
[Black "Jenssen, Ove S"]
[Result "1-0"]
[WhiteElo "1883"]
[BlackElo "1827"]
[Annotator "NA"]
[PlyCount "85"]
[EventDate "2019.09.18"]
[EventType "team-tourn"]
[EventCountry "CRO"]
[SourceTitle "playchess.com"]
[Source "ChessBase"]
[SourceQuality "1"]
[WhiteTeam "Germany"]
[BlackTeam "Norway"]
[WhiteTeamCountry "GER"]
[BlackTeamCountry "NOR"]
[TimeControl "40/5400+30:1800+30"]

1. d4 {[%emt 0:00:30]} d5 {[%emt 0:00:30]} 2. Nf3 {[%emt 0:00:00]} Nf6 {[%emt 0:00:30]} 3. e3 {[%emt 0:00:00]} Bf5 {[%emt 0:00:30]} 4. c4 {[%emt 0:01:30]} e6 {[%emt 0:00:30]} 5. Nc3 {[%emt 0:01:30]} c6 {[%emt 0:00:30]} 6. Be2 {[%emt 0:05:30]} Bd6 {[%emt 0:02:30]} 7. O-O {[%emt 0:03:30]} h6 {[%emt 0:01:30]} 8. b3 {[%emt 0:05:30]} Nbd7 {[%emt 0:02:30]} 9. Bb2 {[%emt 0:02:30]} Rc8 {[%emt 0:02:30]} 10. h3 {[%emt 0:07:30]} Bb8 {[%emt 0:04:30]} 11. Re1 {[%emt 0:11:30]} Qc7 {[%emt 0:02:30]} 12. Rc1 {[%emt 0:13:30]} a6 {[%emt 0:03:30]} 13. a4 {[%emt 0:12:30]} g5 {[%emt 0:02:30]} 14. Bf1 {[%emt 0:05:30]} g4 {[%emt 0:01:30]} 15. hxg4 {[%emt 0:04:30]} Bxg4 {[%emt 0:01:30]} 16. g3 {[%emt 0:01:30]} Ne4 {[%emt 0:04:30]} 17. Qe2 {[%emt 0:09:34]} Rg8 {[%emt 0:02:30]} 18. Bg2 {[%emt 0:02:46]} Nxg3 {[%emt 0:03:30]} 19. fxg3 {[%emt 0:03:29]} Qxg3 {[%emt 0:00:30]} 20. Rf1 {[%emt 0:02:57]} Bh5 {[%emt 0:16:30]} 21. cxd5 {[%emt 0:00:44]} Qh3 {[%emt 0:02:30]} 22. dxe6 {[%emt 0:01:33]} fxe6 {[%emt 0:00:30]} 23. e4 {[%emt 0:00:34]} Bf4 {[%emt 0:06:30]} 24. Rc2 {[%emt 0:00:32]} Ke7 {[%emt 0:14:30]} 25. Bc1 {[%emt 0:00:44]} Bh2+ {[%emt 0:01:30]} 26. Kh1 {[%emt 0:00:25]} Qg3 {[%emt 0:00:30]} 27. Qf2 {[%emt 0:01:26]} Qxf2 {[%emt 0:05:56]} 28. Rfxf2 {[%emt 0:00:01]} Bg3 {[%emt 0:00:00]} 29. Rf1 {[%emt 0:00:00]} Rcf8 {[%emt 0:03:37]} 30. Nh2 {[%emt 0:00:39]} Rxf1+ {[%emt 0:01:41]} 31. Nxf1 {[%emt 0:00:50]} Bh4 {[%emt 0:00:42]} 32. Nh2 {[%emt 0:00:01]} Rg3 {[%emt 0:01:24]} 33. Bxh6 {[%emt 0:01:50]} Rd3 {[%emt 0:01:17]} 34. d5 {[%emt 0:00:38]} Be1 {[%emt 0:00:42]} 35. Ne2 {[%emt 0:00:34]} cxd5 {[%emt 0:02:17]} 36. exd5 {[%emt 0:00:19]} e5 {[%emt 0:00:38]} 37. d6+ {[%emt 0:00:22]} Kxd6 {[%emt 0:00:39]} 38. Bxb7 {[%emt 0:00:05]} Nc5 {[%emt 0:00:42]} 39. Bf8+ {[%emt 0:00:49]} Kc7 {[%emt 0:00:27]} 40. Be4 {[%emt 0:00:24]} Re3 {[%emt 0:01:50]} 41. Rxc5+ {[%emt 0:30:26]} Kb6 {[%emt 0:00:38]} 42. Rxe5 {[%emt 0:00:00]} Bxe2 {[%emt 0:00:30]} 43. Bc5+ {[%emt 0:00:00]} 1-0

[Event "ESTCC 50 2019"]
[Site "Mali Losinj"]
[Date "2019.09.23"]
[Round "6.1"]
[White "Kozul, Zdenko"]
[Black "Sulc, Damir"]
[Result "1-0"]
[WhiteElo "2569"]
[BlackElo "2207"]
[Annotator "TA"]
[PlyCount "84"]
[EventDate "2019.09.18"]
[EventType "team-tourn"]
[EventCountry "CRO"]
[SourceTitle "playchess.com"]
[Source "ChessBase"]
[SourceQuality "1"]
[WhiteTeam "Croatia"]
[BlackTeam "Croatia"]
[WhiteTeamCountry "CRO"]
[BlackTeamCountry "CRO"]

{[%evp 19,84,-47,-22,-25,38,41,48,0,2,7,45,36,59,32,86,71,102,102,102,105,115,119,149,131,157,133,133,133,152,158,158,159,162,159,186,152,152,152,152,152,189,189,247,228,226,202,229,229,214,193,330,226,474,435,487,457,425,360,818,821,749,748,972,1087,1120,1109,953]} 1. Nf3 Nf6 2. g3 d5 3. Bg2 e6 4. O-O Be7 5. d3 O-O 6. Nbd2 c5 7. e4 Nc6 8. Re1 b5 9. e5 Nd7 10. Nf1 Qc7 {[%cal Rd7e5]} 11. Bf4 {C00: French: Unusual White 2nd moves} Nd4 (11... a5 $11) (11... Bb7 12. Ne3 d4 13. Ng4 Qb6 14. h4 c4 15. a3 cxd3 16. cxd3 Rfc8 17. h5 Bf8 18. h6 g6 {1-0 (35) Petrosian,T (2601)-Jumabayev,R (2604) Tsaghkadzor 2017}) 12. Nxd4 $14 cxd4 13. h4 {White is slightly better.} Bb7 14. Qg4 Rfc8 (14... Kh8 $5 {[%cal Rc7c2]}) 15. Re2 a5 16. Nh2 {[%cal Bf1h2,Bh2f3,Bf3d4][%mdl 32]} Ra6 $146 (16... Kh8 $14) ({Predecessor:} 16... Nf8 17. h5 Kh8 18. Nf3 Qb6 19. h6 g6 20. Bg5 {1-0 (35) Smotrin,S (2127)-Krasnov,Y (2146) Novosibirsk 2008}) 17. Nf3 Rc6 18. Nxd4 {[%mdl 64] [#] Double Attack} Rb6 19. h5 $40 {[%mdl 128] White attacks with force.} Qd8 20. a3 Nc5 21. b3 Qf8 22. h6 g6 23. Bg5 Nd7 24. Bxe7 Qxe7 25. Qf4 Nb8 26. Ree1 Nc6 27. Nxc6 Bxc6 28. c3 Bd7 29. Rec1 Rbb8 30. b4 Ra8 (30... axb4 {was called for.} 31. axb4 Be8) 31. Rab1 axb4 32. cxb4 ({Resist} 32. axb4 $6 Ra4 $16) 32... Rxa3 33. Rxc8+ Bxc8 34. Rc1 Ra8 (34... Bd7 $142 35. Bf1 Qd8) 35. Bf1 Kf8 $2 (35... Qd8 36. d4 Bd7) 36. d4 $18 Bd7 37. Rc7 Rb8 38. Qc1 Ke8 $2 (38... Kg8 39. Bd3 Qd8) 39. Qa3 {White is clearly winning.} Qd8 40. Qa7 {[#] Threatens to win with Rxd7!} Ra8 41. Qc5 Rb8 42. Bd3 Qe7 {Accuracy: White = 83%, Black = 29%.} 1-0

[Event "ESTCC 50 2019"]
[Site "Mali Losinj"]
[Date "2019.09.23"]
[Round "6.2"]
[White "Dusper, Hrvoje"]
[Black "Zelcic, Robert"]
[Result "1/2-1/2"]
[WhiteElo "2221"]
[BlackElo "2503"]
[Annotator "ChessBase"]
[PlyCount "117"]
[EventDate "2019.09.18"]
[EventType "team-tourn"]
[EventCountry "CRO"]
[SourceTitle "playchess.com"]
[Source "ChessBase"]
[SourceQuality "1"]
[WhiteTeam "Croatia"]
[BlackTeam "Croatia"]
[WhiteTeamCountry "CRO"]
[BlackTeamCountry "CRO"]
[TimeControl "40/5400+30:1800+30"]

1. c4 {[%emt 0:00:30]} e5 {[%emt 0:01:30]} 2. Nc3 {[%emt 0:00:00]} Nf6 {[%emt 0:00:30]} 3. g3 {[%emt 0:00:00]} d5 {[%emt 0:02:30]} 4. cxd5 {[%emt 0:00:30]} Nxd5 {[%emt 0:00:30]} 5. Bg2 {[%emt 0:00:00]} Ne7 {[%emt 0:03:30]} 6. e3 {[%emt 0:04:00]} Nbc6 {[%emt 0:02:30]} 7. Nge2 {[%emt 0:00:30]} g6 {[%emt 0:02:30]} 8. O-O {[%emt 0:00:30]} Bg7 {[%emt 0:00:30]} 9. f4 {[%emt 0:00:30]} O-O {[%emt 0:00:30]} 10. fxe5 {[%emt 0:01:30]} Nxe5 {[%emt 0:00:30]} 11. d4 {[%emt 0:02:30]} Nc4 {[%emt 0:00:30]} 12. b3 {[%emt 0:01:30]} Nd6 {[%emt 0:01:30]} 13. e4 {[%emt 0:03:30]} Bg4 {[%emt 0:08:30]} 14. e5 {[%emt 0:01:30]} Ndf5 {[%emt 0:00:30]} 15. Bxb7 {[%emt 0:01:30]} c5 {[%emt 0:00:30]} 16. Rf4 {[%emt 0:13:30]} Bxe2 {[%emt 0:04:30]} 17. Nxe2 {[%emt 0:03:30]} Rb8 {[%emt 0:00:30]} 18. Be4 {[%emt 0:04:30]} Nxd4 {[%emt 0:01:30]} 19. Bb2 {[%emt 0:05:30]} Bxe5 {[%emt 0:00:30]} 20. Rf2 {[%emt 0:00:30]} Rb4 {[%emt 0:04:30]} 21. Nxd4 {[%emt 0:02:30]} Bxd4 {[%emt 0:00:30]} 22. Bxd4 {[%emt 0:00:30]} Rxd4 {[%emt 0:00:30]} 23. Qc2 {[%emt 0:00:30]} Qd6 {[%emt 0:01:30]} 24. Bf3 {[%emt 0:02:30]} h5 {[%emt 0:01:30]} 25. Rc1 {[%emt 0:01:30]} Rc8 {[%emt 0:00:30]} 26. Be2 {[%emt 0:00:30]} h4 {[%emt 0:21:30]} 27. Bc4 {[%emt 0:17:30]} Rf8 {[%emt 0:00:00]} 28. gxh4 {[%emt 0:02:30]} Rg4+ {[%emt 0:01:00]} 29. Rg2 {[%emt 0:01:30]} Qd4+ {[%emt 0:03:30]} 30. Qf2 {[%emt 0:05:30]} Qxf2+ {[%emt 0:01:30]} 31. Kxf2 {[%emt 0:00:30]} Rd4 {[%emt 0:04:30]} 32. h5 {[%emt 0:03:30]} Rd2+ {[%emt 0:00:30]} 33. Kg1 {[%emt 0:02:53]} Rxg2+ {[%emt 0:00:30]} 34. Kxg2 {[%emt 0:00:08]} gxh5 {[%emt 0:00:00]} 35. Be2 {[%emt 0:00:19]} Rd8 {[%emt 0:01:00]} 36. Rxc5 {[%emt 0:04:06]} Rd2 {[%emt 0:00:30]} 37. Kf1 {[%emt 0:00:00]} Rxa2 {[%emt 0:00:30]} 38. Rxh5 {[%emt 0:00:08]} Kg7 {[%emt 0:02:30]} 39. Rc5 {[%emt 0:01:26]} f5 {[%emt 0:00:30]} 40. h4 {[%emt 0:01:57]} Kf6 {[%emt 0:00:30]} 41. h5 {[%emt 0:31:10]} Kg5 {[%emt 0:31:30]} 42. Rc7 {[%emt 0:01:03]} Nd5 {[%emt 0:00:30]} 43. Rg7+ {[%emt 0:01:01]} Kf4 {[%emt 0:00:30]} 44. h6 {[%emt 0:01:30]} Ra1+ {[%emt 0:04:30]} 45. Kg2 {[%emt 0:07:38]} Ra2 {[%emt 0:00:00]} 46. Kf2 {[%emt 0:00:00]} Nc3 {[%emt 0:00:00]} 47. h7 {[%emt 0:00:00]} Rxe2+ {[%emt 0:00:00]} 48. Kg1 {[%emt 0:00:00]} Re1+ {[%emt 0:00:00]} 49. Kh2 {[%emt 0:00:00]} Re2+ {[%emt 0:00:00]} 50. Rg2 {[%emt 0:00:00]} Re8 {[%emt 0:00:00]} 51. Rg8 {[%emt 0:00:00]} Re2+ {[%emt 0:00:00]} 52. Kg1 {[%emt 0:00:00]} Re1+ {[%emt 0:00:00]} 53. Kg2 {[%emt 0:00:00]} Re2+ {[%emt 0:00:00]} 54. Kf1 {[%emt 0:00:00]} Rh2 {[%emt 0:00:00]} 55. h8=Q {[%emt 0:00:00]} Rxh8 {[%emt 0:00:00]} 56. Rxh8 {[%emt 0:00:00]} Ke3 {[%emt 0:00:00]} 57. Ke1 {[%emt 0:00:00]} Kd3 {[%emt 0:03:30]} 58. Rh3+ {[%emt 0:00:00]} Kc2 {[%emt 0:01:30]} 59. Rf3 {[%emt 0:00:00]} 1/2-1/2

[Event "ESTCC 50 2019"]
[Site "Mali Losinj"]
[Date "2019.09.23"]
[Round "6.3"]
[White "Kurajica, Bojan"]
[Black "Martic, Zlatko"]
[Result "1/2-1/2"]
[WhiteElo "2493"]
[BlackElo "2283"]
[Annotator "TA"]
[PlyCount "68"]
[EventDate "2019.09.18"]
[EventType "team-tourn"]
[EventCountry "CRO"]
[SourceTitle "playchess.com"]
[Source "ChessBase"]
[SourceQuality "1"]
[WhiteTeam "Croatia"]
[BlackTeam "Croatia"]
[WhiteTeamCountry "CRO"]
[BlackTeamCountry "CRO"]

{[%evp 16,68,7,5,27,18,14,-21,-20,-22,-11,-16,16,0,0,-1,0,0,4,7,5,6,4,0,0,6,12,11,18,0,0,0,17,0,4,0,12,12,16,16,16,0,0,0,1,1,18,0,8,8,10,10,12,0,0]} 1. Nf3 Nf6 2. c4 g6 3. g3 Bg7 4. Bg2 O-O 5. O-O d6 6. d4 Nc6 7. d5 Na5 8. Nbd2 c5 9. e4 b5 {E60: King's Indian: Unusual lines and Fianchetto Variation without Nc3} (9... a6 10. Rb1 b5 11. b3 Rb8 12. Qc2 Bd7 13. Bb2 e5 14. dxe6 Bxe6 15. cxb5 axb5 16. Rbd1 Qb6 17. e5 Bf5 18. Qc1 dxe5 19. Nxe5 Rbd8 20. Ndf3 Be4 21. Qf4 Bb7 {½-½ (21) Ostovic,M (2352)-Gumularz,S (2452) Pula 2018}) 10. cxb5 a6 {The position is equal.} 11. Rb1 {[%cal Ba1b1,Bb1b4,Bb4c4,Bc4c7][%mdl 32]} axb5 12. b4 cxb4 13. Rxb4 Nc4 14. Nxc4 bxc4 15. Qc2 Nd7 16. Be3 $146 ({Predecessor:} 16. Rd1 Ba6 17. Be3 Nc5 18. Bxc5 dxc5 {0-1 (45) Bakalarz,G (2095)-Mueller,A (2085) Germany 1995}) 16... Qa5 17. Rfb1 Qxa2 18. Rxc4 Ne5 19. Qxa2 Rxa2 20. Rc7 Nxf3+ 21. Bxf3 Re8 22. Kg2 h5 23. h3 f5 24. exf5 Bxf5 25. Rbb7 Kf7 26. g4 hxg4 27. hxg4 Bc8 28. Ra7 Rxa7 29. Rxa7 Be5 30. Be2 Rh8 31. f4 Bf6 32. Rc7 Rf8 33. Kf3 Rh8 34. Bf2 Rh3+ {Accuracy: White = 46%, Black = 58%.} 1/2-1/2